[Event "XXXIV Miedzynarodowy Turniej Szachowy im"]
[Site "Police Klubie Nauczyciela  ul."]
[Date "2019.??.??"]
[Round "7.1"]
[White "Levin, Felix"]
[Black "Mis, Mieszko"]
[Result "1/2-1/2"]
[WhiteElo "2457"]
[BlackElo "2284"]
[PlyCount "39"]
[EventDate "2019.??.??"]

1. d4 d5 2. c4 c6 3. Nf3 Nf6 4. Qc2 dxc4 5. Qxc4 Bg4 6. Nbd2 Nbd7 7. g3 e6 8.
Bg2 Be7 9. O-O O-O 10. Qb3 Qb6 11. Nc4 Qa6 12. Re1 Rfd8 13. Bf4 Bxf3 14. Bxf3
Nb6 15. Nxb6 Qxb6 16. Red1 Qxb3 17. axb3 Nd5 18. Bd2 f5 19. e3 a6 20. Kf1
1/2-1/2

[Event "XXXIV Miedzynarodowy Turniej Szachowy im"]
[Site "Police Klubie Nauczyciela  ul."]
[Date "2019.??.??"]
[Round "7.2"]
[White "Vysochin, Spartak"]
[Black "Mirzoev, Azer"]
[Result "1/2-1/2"]
[WhiteElo "2493"]
[BlackElo "2474"]
[PlyCount "36"]
[EventDate "2019.??.??"]

1. e4 e5 2. Nf3 Nc6 3. Nc3 Nf6 4. d4 exd4 5. Nxd4 Bb4 6. Nxc6 bxc6 7. Bd3 d5 8.
exd5 cxd5 9. O-O O-O 10. h3 c6 11. Qf3 Bd6 12. Bf4 Rb8 13. b3 Rb4 14. Bxd6 Qxd6
15. a3 Rb7 16. Qg3 Qxg3 17. fxg3 Re8 18. Rae1 Rxe1 1/2-1/2

[Event "XXXIV Miedzynarodowy Turniej Szachowy im"]
[Site "Police Klubie Nauczyciela  ul."]
[Date "2019.??.??"]
[Round "7.3"]
[White "Kozak, Antoni"]
[Black "Ahlander, Bjorn"]
[Result "1-0"]
[WhiteElo "2365"]
[BlackElo "2391"]
[PlyCount "119"]
[EventDate "2019.??.??"]

1. d4 Nf6 2. c4 e6 3. Nc3 Bb4 4. Qc2 d5 5. cxd5 exd5 6. Bf4 c5 7. dxc5 Nc6 8.
e3 O-O 9. Nf3 Bxc5 10. Rd1 d4 11. exd4 Bb6 12. Be2 Nd5 13. Nxd5 Qxd5 14. O-O
Bf5 15. Qc4 Be6 16. b3 Rad8 17. Qxd5 Bxd5 18. Be3 Rfe8 19. h3 h6 20. Bb5 Re7
21. Bxc6 Bxc6 22. Ne5 Bd5 23. Rc1 g5 24. Nc4 Bc7 25. Rfe1 b5 26. Ne5 Bb6 27.
Red1 f6 28. Nc6 Bxc6 29. Rxc6 Kf7 30. d5 Bxe3 31. fxe3 Rxe3 32. Rf1 Rxd5 33.
Rfxf6+ Kg7 34. Rg6+ Kf7 35. Rxh6 Kg7 36. Rhd6 Rxd6 37. Rxd6 g4 38. hxg4 a5 39.
Rd5 Re1+ 40. Kf2 Ra1 41. Rd2 a4 42. Ke3 Rb1 43. bxa4 bxa4 44. Rd4 a3 45. Ra4
Rb2 46. Rxa3 Rxg2 47. Kf4 Re2 48. Kf5 Rf2+ 49. Kg5 Rc2 50. Ra7+ Kf8 51. Kg6
Rc6+ 52. Kh5 Kg8 53. g5 Rd6 54. a4 Rc6 55. a5 Rd6 56. a6 Rc6 57. g6 Rc1 58. Rb7
Rh1+ 59. Kg4 Rg1+ 60. Kf3 1-0

[Event "XXXIV Miedzynarodowy Turniej Szachowy im"]
[Site "Police Klubie Nauczyciela  ul."]
[Date "2019.??.??"]
[Round "7.4"]
[White "Shishkin, Vadim"]
[Black "Cyborowski, Lukasz"]
[Result "1/2-1/2"]
[WhiteElo "2457"]
[BlackElo "2509"]
[PlyCount "28"]
[EventDate "2019.??.??"]

1. d4 d5 2. c4 e6 3. Nc3 Nf6 4. cxd5 exd5 5. Bg5 c6 6. e3 Be7 7. Bd3 Nbd7 8.
Qc2 Nh5 9. Bxe7 Qxe7 10. Nf3 Nf4 11. Bf1 Nh5 12. Bd3 Nf4 13. Bf1 Nh5 14. Bd3
Nf4 1/2-1/2

[Event "XXXIV Miedzynarodowy Turniej Szachowy im"]
[Site "Police Klubie Nauczyciela  ul."]
[Date "2019.??.??"]
[Round "7.5"]
[White "Licznerski, Lukasz"]
[Black "Dzhuguryan, Tygran"]
[Result "1/2-1/2"]
[WhiteElo "2328"]
[BlackElo "2230"]
[PlyCount "159"]
[EventDate "2019.??.??"]

1. e4 c6 2. d4 d5 3. Nc3 g6 4. h3 Bg7 5. Nf3 Nf6 6. e5 Ne4 7. Bd3 Nxc3 8. bxc3
c5 9. O-O c4 10. Be2 O-O 11. Nh4 f6 12. f4 fxe5 13. fxe5 Nc6 14. Rxf8+ Qxf8 15.
Be3 Bh6 16. Qd2 Bxe3+ 17. Qxe3 Be6 18. Qg5 Qg7 19. Rb1 Nd8 20. Bg4 Bxg4 21.
Qxg4 Qf7 22. Nf3 Kg7 23. Qh4 h6 24. Nh2 Qe6 25. Ng4 h5 26. Ne3 b6 27. Rb5 Nf7
28. Rxd5 Rf8 29. Rb5 Nd6 30. Rb1 Nf5 31. Nxf5+ Qxf5 32. Qxe7+ Rf7 33. Qh4 Qxc2
34. Re1 Qxc3 35. d5 Rf4 36. Qxf4 Qxe1+ 37. Kh2 c3 38. Qf6+ Kh7 39. Qf7+ Kh6 40.
Qf4+ Kh7 41. e6 c2 42. Qc7+ Kh6 43. Qxc2 Qe5+ 44. Kh1 Qxd5 45. Qe2 Qd8 46. e7
Qe8 47. Qe5 Kh7 48. g4 hxg4 49. hxg4 Kg8 50. Qe6+ Kg7 51. g5 b5 52. Kg2 b4 53.
Kf3 Qf7+ 54. Qf6+ Kg8 55. Ke3 a5 56. Qe5 Qe8 57. Qe6+ Kg7 58. Kd4 a4 59. Kc4 b3
60. axb3 axb3 61. Kxb3 Qb5+ 62. Kc3 Qc5+ 63. Kd3 Qb5+ 64. Kd4 Qb4+ 65. Kd3 Qa3+
66. Ke2 Qb2+ 67. Kf3 Qc3+ 68. Qe3 Qc6+ 69. Qe4 Qc3+ 70. Kg2 Qd2+ 71. Kh3 Qd7+
72. Kh4 Kf7 73. Qf4+ Kxe7 74. Qf6+ Ke8 75. Qxg6+ Kf8 76. Qf6+ Kg8 77. Qg6+ Kh8
78. Qf6+ Kg8 79. g6 Qc7 80. Qf7+ 1/2-1/2

[Event "XXXIV Miedzynarodowy Turniej Szachowy im"]
[Site "Police Klubie Nauczyciela  ul."]
[Date "2019.??.??"]
[Round "7.6"]
[White "Jankowiak, Piotr"]
[Black "Yagupov, Igor"]
[Result "1/2-1/2"]
[WhiteElo "1985"]
[BlackElo "2385"]
[PlyCount "128"]
[EventDate "2019.??.??"]

1. d4 d5 2. Bf4 Nf6 3. e3 e6 4. Nf3 c5 5. c3 Bd6 6. Bg3 Qc7 7. Bd3 Nbd7 8. Nbd2
e5 9. dxe5 Nxe5 10. Nxe5 Bxe5 11. Bxe5 Qxe5 12. Nf3 Qe7 13. O-O O-O 14. c4 Rd8
15. cxd5 Nxd5 16. Qe2 Bg4 17. h3 Bh5 18. Rfd1 Rd6 19. g4 Bg6 20. Bxg6 hxg6 21.
Qc4 Nb6 22. Qc2 Rad8 23. Rxd6 Rxd6 24. Rd1 Kf8 25. Rxd6 Qxd6 26. Qe4 Qd5 27.
Qf4 Nd7 28. a3 Ke7 29. Kg2 f6 30. e4 Qd6 31. Qe3 g5 32. h4 Qf4 33. Qxf4 gxf4
34. Kf1 Kd6 35. Ke2 Ne5 36. Nxe5 Kxe5 37. f3 Kd4 38. Kd2 b5 39. Ke2 a5 40. Kd2
c4 41. h5 b4 42. Kc2 Ke5 43. axb4 axb4 44. b3 c3 45. Kd3 Ke6 46. Kc2 Kd6 47.
Kd1 Ke5 48. Kc1 Ke6 49. Kd1 Kf7 50. Kc1 Kg8 51. Kd1 Kh7 52. Kc1 Kh6 53. Kd1 Kg5
54. Kc1 Kh4 55. Kc2 Kg3 56. g5 fxg5 57. h6 gxh6 58. e5 g4 59. e6 gxf3 60. e7 f2
61. e8=Q f1=Q 62. Qg8+ Kf2 63. Qg3+ Ke2 64. Qe3+ fxe3 1/2-1/2

[Event "XXXIV Miedzynarodowy Turniej Szachowy im"]
[Site "Police Klubie Nauczyciela  ul."]
[Date "2019.??.??"]
[Round "7.7"]
[White "Szpar, Milosz"]
[Black "Chojnacki, Krzysztof"]
[Result "1-0"]
[WhiteElo "2289"]
[BlackElo "2376"]
[PlyCount "117"]
[EventDate "2019.??.??"]

1. e4 d6 2. d4 Nf6 3. Nc3 g6 4. Be3 Bg7 5. Qd2 c6 6. Bh6 Bxh6 7. Qxh6 Qa5 8.
Bd3 c5 9. d5 Nbd7 10. Nf3 c4 11. Bxc4 Qc5 12. Bd3 Qxf2+ 13. Kxf2 Ng4+ 14. Kg3
Nxh6 15. a4 O-O 16. a5 Nc5 17. h3 f5 18. Rhe1 f4+ 19. Kf2 Nf7 20. Bb5 a6 21.
Ba4 e5 22. dxe6 Bxe6 23. Nd4 Bd7 24. Bxd7 Nxd7 25. Ne6 Rfc8 26. Nxf4 Nde5 27.
Nfd5 Rf8 28. Rf1 Ng5+ 29. Ke2 Ne6 30. Nb6 Nd4+ 31. Kd2 Rad8 32. Ncd5 Kg7 33. b4
Kh6 34. Nc7 Rc8 35. Nxc8 Rxc8 36. Nd5 Rxc2+ 37. Ke3 Nb3 38. Rad1 Rxg2 39. Rf6
Nc4+ 40. Kf3 Rb2 41. Kg3 Re2 42. Rf7 Nbd2 43. Rxb7 Rxe4 44. b5 Rd4 45. bxa6
Rxd5 46. Ra1 Ne4+ 47. Kf4 Nc3 48. a7 Rf5+ 49. Kg3 Ne2+ 50. Kh2 Ne3 51. Rxh7+
Kxh7 52. a8=Q Rf2+ 53. Kh1 Kh6 54. Rg1 Nxg1 55. Kxg1 Rf1+ 56. Kh2 Kg5 57. Qe4
Re1 58. Qd3 Kh5 59. a6 1-0

[Event "XXXIV Miedzynarodowy Turniej Szachowy im"]
[Site "Police Klubie Nauczyciela  ul."]
[Date "2019.??.??"]
[Round "7.8"]
[White "Hommer, Jeremy"]
[Black "Korbal, Arkadiusz"]
[Result "1/2-1/2"]
[WhiteElo "2083"]
[BlackElo "2178"]
[PlyCount "105"]
[EventDate "2019.??.??"]

1. e4 c5 2. Ne2 Nc6 3. Nbc3 g6 4. g3 Bg7 5. Bg2 e6 6. O-O Nge7 7. d3 O-O 8. Be3
Nd4 9. Qd2 Rb8 10. Nd1 d5 11. c3 Nxe2+ 12. Qxe2 d4 13. cxd4 cxd4 14. Bd2 e5 15.
f4 f6 16. Nf2 Be6 17. Bh3 Bxh3 18. Nxh3 Qd7 19. Kg2 Rbe8 20. fxe5 f5 21. Ng5
Bxe5 22. Rae1 Nc6 23. Qd1 h6 24. Nf3 Bg7 25. exf5 Rxe1 26. Qb3+ Kh8 27. Nxe1
Ne5 28. Qe6 Qxe6 29. fxe6 Re8 30. Bf4 Nc6 31. Nc2 Rxe6 32. Re1 Rxe1 33. Nxe1 g5
34. Bd6 g4 35. Nc2 Kg8 36. Nb4 Kf7 37. Nxc6 bxc6 38. h3 h5 39. hxg4 hxg4 40.
Bf4 Ke6 41. Kf2 Bf8 42. Ke2 Kd5 43. Kd2 Kc5 44. Kc2 Kb4 45. Bd2+ Kb5 46. Bf4 a5
47. Be5 c5 48. Bf4 a4 49. Kd2 Be7 50. Kd1 c4 51. Kc2 Bb4 52. dxc4+ Kxc4 53. b3+
1/2-1/2

[Event "XXXIV Miedzynarodowy Turniej Szachowy im"]
[Site "Police Klubie Nauczyciela  ul."]
[Date "2019.??.??"]
[Round "7.9"]
[White "Pajeken, Jakob Leon"]
[Black "Tokarczyk, Tomasz"]
[Result "1-0"]
[WhiteElo "2314"]
[BlackElo "2223"]
[PlyCount "71"]
[EventDate "2019.??.??"]

1. d4 Nf6 2. Nf3 d5 3. c4 e6 4. e3 a6 5. Nc3 dxc4 6. Bxc4 b5 7. Bb3 Bb7 8. O-O
c5 9. Qe2 Nbd7 10. Rd1 Qb8 11. d5 Nxd5 12. Bxd5 Bxd5 13. Nxd5 exd5 14. Rxd5 Be7
15. e4 Qb7 16. Bg5 Nb6 17. Rd2 O-O 18. Rad1 Rfe8 19. Bf4 Bf8 20. e5 h6 21. h4
Qc6 22. b3 Rac8 23. Be3 Be7 24. Rc1 Nd5 25. Nd4 Qg6 26. Nf5 Qxf5 27. Rxd5 Qe4
28. Qd2 c4 29. Rd4 Qxe5 30. bxc4 Bc5 31. Rd3 bxc4 32. Rxc4 Bxe3 33. Rxe3 Qa1+
34. Kh2 Qf6 35. Qd7 Qd8 36. Rxe8+ 1-0

[Event "XXXIV Miedzynarodowy Turniej Szachowy im"]
[Site "Police Klubie Nauczyciela  ul."]
[Date "2019.??.??"]
[Round "7.10"]
[White "Czernek, Tymon"]
[Black "Dryja, Szymon"]
[Result "1/2-1/2"]
[WhiteElo "2003"]
[BlackElo "1785"]
[PlyCount "140"]
[EventDate "2019.??.??"]

1. e4 e5 2. Nf3 Nc6 3. Bc4 Bc5 4. d3 Nf6 5. O-O O-O 6. Bb3 d6 7. c3 Bb6 8. h3
Ne7 9. Re1 Ng6 10. d4 Re8 11. Nbd2 h6 12. Bc2 a6 13. Nc4 Nd7 14. dxe5 dxe5 15.
Nxb6 Nxb6 16. Qxd8 Rxd8 17. Bb3 Rd6 18. Be3 Be6 19. Bc5 Rc6 20. Bxe6 Rxe6 21.
Rad1 Na4 22. Ba3 Nb6 23. b3 a5 24. Bc5 a4 25. Re3 axb3 26. axb3 Rc6 27. Bxb6
Rxb6 28. c4 Ra3 29. Rd8+ Kh7 30. Nd2 Nf4 31. h4 Ra1+ 32. Kh2 Rd1 33. g3 Ne6 34.
Rdd3 c6 35. Nf3 Rxd3 36. Rxd3 Nc5 37. Re3 Rxb3 38. Rxb3 Nxb3 39. Nxe5 Nd2 40.
Nxf7 Nxc4 41. Nd8 Na5 42. Kg2 Kg6 43. e5 h5 44. f4 b5 45. Kf3 Kf5 46. Ke3 c5
47. Nf7 Nc4+ 48. Kd3 Ke6 49. Nd8+ Kd5 50. Nb7 g6 51. Nd8 b4 52. Nf7 b3 53. Nh8
Nb6 54. e6 c4+ 55. Kd2 Kxe6 56. Nxg6 Nd5 57. Ne5 c3+ 58. Kd3 Nb4+ 59. Kxc3 Nd5+
60. Kxb3 Ne3 61. Kc3 Nf1 62. g4 hxg4 63. Nxg4 Ng3 64. Ne3 Ne2+ 65. Kd3 Nxf4+
66. Ke4 Nh5 67. Kf3 Ng7 68. Kg4 Kf6 69. Nd5+ Kg6 70. Nf4+ Kh6 1/2-1/2

[Event "XXXIV Miedzynarodowy Turniej Szachowy im"]
[Site "Police Klubie Nauczyciela  ul."]
[Date "2019.??.??"]
[Round "7.12"]
[White "Pahl, Erik"]
[Black "Chyzy, Jakub"]
[Result "0-1"]
[WhiteElo "2006"]
[BlackElo "2093"]
[PlyCount "58"]
[EventDate "2019.??.??"]

1. e4 Nf6 2. e5 Nd5 3. c4 Nb6 4. d4 d6 5. exd6 exd6 6. Be2 Be7 7. Nf3 O-O 8.
O-O Bf6 9. Be3 Nc6 10. Nc3 Bf5 11. b3 d5 12. c5 Nc8 13. Qd2 Re8 14. a3 N8e7 15.
b4 a6 16. h3 Be4 17. g4 Ng6 18. Ne1 Nf8 19. Nxe4 dxe4 20. Nc2 Qd5 21. f3 Rad8
22. Rad1 exf3 23. Bxf3 Qb3 24. Qf2 Rxe3 25. Nxe3 Nxd4 26. Bxb7 c6 27. Bxa6 Bg5
28. Ng2 Nf3+ 29. Kh1 Rxd1 0-1

[Event "XXXIV Miedzynarodowy Turniej Szachowy im"]
[Site "Police Klubie Nauczyciela  ul."]
[Date "2019.??.??"]
[Round "7.13"]
[White "Bui, Bao Anh Le"]
[Black "Pahl, Theis"]
[Result "1/2-1/2"]
[WhiteElo "2064"]
[BlackElo "1953"]
[PlyCount "81"]
[EventDate "2019.??.??"]

1. e4 e6 2. d4 d5 3. Nc3 Nf6 4. Bg5 dxe4 5. Nxe4 Be7 6. Bxf6 gxf6 7. Nf3 f5 8.
Nc3 a6 9. Be2 Nd7 10. a4 b6 11. Qd3 Bb7 12. O-O-O Nf6 13. Ne5 Qd6 14. Bf3 c6
15. Kb1 h5 16. h3 h4 17. Rhe1 Nd7 18. Qe2 Nxe5 19. dxe5 Qc7 20. Qc4 Rc8 21. Rd3
b5 22. axb5 axb5 23. Qb3 Ra8 24. Red1 Qa5 25. Na2 c5 26. Bxb7 c4 27. Bxa8 cxb3
28. Bc6+ Kf8 29. Rxb3 b4 30. f4 Kg7 31. Bf3 Qa4 32. Rd4 Bc5 33. Rc4 Qb5 34. Be2
Rd8 35. Nxb4 Rd2 36. Bd3 Rd1+ 37. Ka2 Bxb4 38. Rbxb4 Qa5+ 39. Ra4 Qe1 40. Kb3
Qg3 41. Ra7 1/2-1/2

[Event "XXXIV Miedzynarodowy Turniej Szachowy im"]
[Site "Police Klubie Nauczyciela  ul."]
[Date "2019.??.??"]
[Round "7.14"]
[White "Wikar, Martyna"]
[Black "Krzywnicka, Maria"]
[Result "0-1"]
[WhiteElo "2020"]
[BlackElo "1756"]
[PlyCount "62"]
[EventDate "2019.??.??"]

1. e4 c5 2. Nf3 d6 3. d4 Nf6 4. Nc3 cxd4 5. Nxd4 a6 6. Bg5 e6 7. f4 Be7 8. Qf3
h6 9. Bh4 Qc7 10. O-O-O Nbd7 11. Be2 Rg8 12. f5 Ne5 13. Qh3 Nc6 14. Nxc6 Qxc6
15. Bf3 Qc7 16. e5 dxe5 17. Bxf6 Bxf6 18. Rhe1 Bd7 19. fxe6 Bxe6 20. Bg4 Ke7
21. Ne4 Bxg4 22. Qa3+ Ke8 23. Nd6+ Kf8 24. Rd3 g6 25. Qb4 Be6 26. Rf1 Kg7 27.
Rc3 Qe7 28. Qb6 Rgd8 29. Nxb7 Rdc8 30. Nc5 Bg5+ 31. Kb1 Rab8 0-1

[Event "XXXIV Miedzynarodowy Turniej Szachowy im"]
[Site "Police Klubie Nauczyciela  ul."]
[Date "2019.??.??"]
[Round "7.15"]
[White "Swiech, Joanna"]
[Black "Jankowiak, Tomasz"]
[Result "1-0"]
[WhiteElo "1879"]
[BlackElo "2104"]
[PlyCount "79"]
[EventDate "2019.??.??"]

1. d4 Nf6 2. c4 g6 3. Nc3 Bg7 4. e4 d6 5. f3 O-O 6. Be3 Nc6 7. Bd3 e5 8. d5 Nd4
9. Nge2 Nh5 10. Qd2 Bh3 11. O-O Bd7 12. f4 Nxe2+ 13. Nxe2 exf4 14. Nxf4 Nxf4
15. Bxf4 Re8 16. Kh1 Qf6 17. Rf2 Qd4 18. Raf1 Rf8 19. Be3 Qe5 20. c5 Qe7 21.
Bg5 f6 22. Bf4 dxc5 23. Bxc7 c4 24. Bxc4 Qxe4 25. Rf4 Qe8 26. Re1 Qc8 27. d6+
Kh8 28. Re7 Re8 29. Rfe4 Rxe7 30. Rxe7 Bf8 31. Re1 Bc6 32. Qd4 Qh3 33. Qf2 Bg7
34. Bb5 Qg4 35. Bxc6 bxc6 36. Qd2 Qd7 37. Re7 Qc8 38. d7 Qa6 39. d8=Q+ Bf8 40.
h3 1-0

[Event "XXXIV Miedzynarodowy Turniej Szachowy im"]
[Site "Police Klubie Nauczyciela  ul."]
[Date "2019.??.??"]
[Round "7.16"]
[White "Niedbal, Piotr"]
[Black "Pawlicz, Adam"]
[Result "1/2-1/2"]
[WhiteElo "1915"]
[BlackElo "2032"]
[PlyCount "36"]
[EventDate "2019.??.??"]

1. c4 e5 2. Nc3 Nf6 3. g3 Nc6 4. Bg2 Bc5 5. e3 O-O 6. Nge2 Re8 7. O-O e4 8. a3
d6 9. b4 Bb6 10. Qc2 Bf5 11. Nf4 Ne5 12. Ncd5 c6 13. Nxb6 Qxb6 14. Bb2 Qd8 15.
Bd4 Qd7 16. Qc3 Qe7 17. Qc2 h6 18. Rab1 Qd7 1/2-1/2

[Event "XXXIV Miedzynarodowy Turniej Szachowy im"]
[Site "Police Klubie Nauczyciela  ul."]
[Date "2019.??.??"]
[Round "7.17"]
[White "Lanica, Lukasz"]
[Black "Laux, Dominik"]
[Result "0-1"]
[WhiteElo "1800"]
[BlackElo "1987"]
[PlyCount "76"]
[EventDate "2019.??.??"]

1. f4 d5 2. Nf3 Bg4 3. e3 e6 4. b3 Nf6 5. Bb2 Nbd7 6. h3 Bxf3 7. Qxf3 Ne4 8.
Rg1 Be7 9. Nc3 Bf6 10. O-O-O Nd6 11. g4 c6 12. g5 Be7 13. Ne2 Rg8 14. Ng3 b5
15. e4 g6 16. h4 a5 17. h5 b4 18. Be2 a4 19. hxg6 hxg6 20. Rh1 Qa5 21. Rh7 axb3
22. axb3 Qa2 23. Rdh1 Nc5 24. exd5 cxd5 25. Qe3 Rc8 26. Bc4 dxc4 27. Rh8 Nd3+
28. Kd1 Nxb2+ 29. Ke2 Rxh8 30. Rxh8+ Kd7 31. Rxc8 Kxc8 32. Ne4 Qa8 33. Qc5+ Kd7
34. Nxd6 Bxd6 35. Qd4 Qg2+ 36. Ke1 cxb3 37. Qxb2 Qe4+ 38. Kf1 Qxf4+ 0-1